000 00405nam a22001457a 4500
005 20250305220517.0
008 250305b |||||||| |||| 00| 0 eng d
020 _a9789988592073
050 _aKF801
_b2002
100 _aBondzi-Simpson, P. Ebow
245 _aThe Law of Contract
_cBondzi-Simpson, P. Ebow
300 _axvii, 210 p, ;
500 _aIncludes statutes ceasing to apply
942 _2lcc
_cBK
_n0
999 _c4536
_d4536